Countries Joe Biden Has Visited - Statistics

General Stats
  • This quiz has been taken 150 times
    37 since last reset
  • The average score is 25 of 35
Answer Stats
Continent Country % Correct
North America Canada
100%
Asia China
97%
Europe United Kingdom
97%
South America Brazil
93%
North America Mexico
93%
Europe France
90%
Europe Germany
90%
Asia Japan
90%
Africa Egypt
86%
Asia South Korea
86%
Asia Afghanistan
83%
South America Chile
83%
Asia India
83%
Europe Spain
83%
Europe Ukraine
83%
Europe Belgium
79%
Europe Italy
79%
South America Peru
76%
Asia Israel
72%
Europe Poland
72%
Europe Switzerland
72%
Europe Ireland
69%
Asia Vietnam
69%
Asia Saudi Arabia
66%
Europe Finland
62%
Asia Iraq
62%
Asia Indonesia
59%
Europe Vatican City
55%
Africa Angola
48%
Africa Ethiopia
41%
Asia Mongolia
41%
Asia Jordan
38%
Asia Cambodia
31%
Europe Lithuania
31%
Africa Cape Verde
21%
No matching quizzes found
Score Distribution
Percent of People with Each Score
Percentile by Number Answered
Your Score History
You have not taken this quiz since the last reset